Obálka
Pro půjčování e-knih musíte být přihlášeni.
Jak si půjčit online?

Malý princ /

Zdramatizovaný příběh o vysněném malém princi, který přichází z neznámé planety a snaží se pochopit lidský svět.

Uloženo v:
Hlavní autor: Saint-Exupéry, Antoine de, 1900-1944 (Autor)
Další autoři: Bergman, Richard, 1956- (Autor, Autor adaptace)
Médium: E-audiokniha
Jazyk:Czech
Vydáno: Praha : Supraphon, 2017
Témata:
Tagy:
Žádné tagy
LEADER 02844nim a2200697 i 4500
001 313264
003 CZ PrSKC
005 20260601215738.0
007 sd fungnnmmned
008 171103t20172017xr nnnng z n cze
015 |a cnb002952981 
024 1 |a 099925644420 
028 0 1 |a SU 6444-2  |b Supraphon 
040 |a ABA001  |b cze  |e rda 
041 1 |d cze  |h fre 
072 7 |a 821.133.1-3  |x Francouzská próza, francouzsky psaná  |2 Konspekt 
072 7 |a 821-93  |x Literatura pro děti a mládež (beletrie)  |2 Konspekt 
080 |a 821.133.1-34  |2 MRF 
080 |a (0:82-34)  |2 MRF 
080 |a (086.7.053.2)  |2 MRF 
080 |a (0:82-25)7.096  |2 MRF 
080 |a (086.76)  |2 MRF 
100 1 |a Saint-Exupéry, Antoine de,  |d 1900-1944  |7 jn19990007304  |4 aut 
240 1 0 |a Petit prince.  |l Česky  |7 aun2008459274 
245 1 0 |a Malý princ /  |c Antoine de Saint-Exupéry 
264 1 |a Praha :  |b Supraphon,  |c 2017 
264 4 |c ℗2017 
300 |a 1 CD audio (57:59) ;  |c 12 cm 
306 |a 005759 
336 |a mluvené slovo  |b spw  |2 rdacontent 
337 |a audio  |b s  |2 rdamedia 
338 |a audiodisk  |b sd  |2 rdacarrier 
344 |a digital  |b optical  |2 rda 
347 |a audio soubor  |b CD audio  |2 rda 
500 |a Název z disku 
500 |a Na pouzdře: původní česká dramatizace 
508 |a Napsal, režie Richard Bergman 
511 0 |a V podání různých herců 
518 |o Nahráno  |d květen 2017  |p studio DAMU 
520 2 |a Zdramatizovaný příběh o vysněném malém princi, který přichází z neznámé planety a snaží se pochopit lidský svět. 
655 7 |a francouzské pohádky  |7 fd132286  |2 czenas 
655 7 |a zvukové záznamy pro děti a mládež  |7 fd186726  |2 czenas 
655 7 |a rozhlasové hry  |7 fd133298  |2 czenas 
655 7 |a kompaktní disky  |7 fd201991  |2 czenas 
700 1 |a Bergman, Richard,  |d 1956-  |7 jk01011806  |4 adp  |4 drt 
900 |a ABA001  |b 19 
044 |a xr 
505 0 0 |t Setkání s Malým princem (8 min., 23 sek.) 
505 0 0 |t Tam někde je má Růže (8 min., 33 sek.) 
505 0 0 |t Planeta Krále (3 min., 18 sek.) 
505 0 0 |t Planeta Byznysmena (3 min., 34 sek.) 
505 0 0 |t Planeta Lampáře (3 min., 16 sek.) 
505 0 0 |t Planeta Domýšlivce (2 min., 0 sek.) 
505 0 0 |t Planeta Zemìpisce (3 min., 53 sek.) 
505 0 0 |t Setkání s Hadem (1 min., 42 sek.) 
505 0 0 |t Zahrada plná růží (6 min., 0 sek.) 
505 0 0 |t Rozhovor na poušti (14 min., 34 sek.) 
505 0 0 |t Napište mi, že se vrátil (2 min., 49 sek.) 
910 |a RBIT002 
998 |d 401616  |a https://core.palmknihy.cz/api/books/401616/cover?sayfjy  |b https://core.palmknihy.cz/api/books/401616/cover/400?sayfjy  |c https://core.palmknihy.cz/api/books/401616/cover/50?sayfjy  |e 2099-01-01  |i 099925644420  |l 3474  |q 49  |r 1  |s https://www.palmknihy.cz/kniha/401616  |t audiobook  |y 2017  |z 0 
999 |d 313262